logo

Bir Sreshtho Munshi Abdur Rouf Library
Jhenaidah Cadet College

Social studies : (Record no. 7497)

MARC details
000 -LEADER
fixed length control field 00611nam a22002295a 4500
001 - CONTROL NUMBER
JCCL Control Number 7497
003 - CONTROL NUMBER IDENTIFIER
JCCL marc code BD-JhCC
005 - DATE AND TIME OF LATEST TRANSACTION
control field 20181006171553.0
008 - FIXED-LENGTH DATA ELEMENTS--GENERAL INFORMATION
fixed length control field 980722s1997 li 000 0 eng
035 ## - SYSTEM CONTROL NUMBER
system control number (BD-JhCC)7497
040 ## - CATALOGING SOURCE
Original cataloging agency DLC
Transcribing agency DLC
Modifying agency BD-JhCC
041 ## - LANGUAGE CODE
Language code of Book eng
050 00 - LIBRARY OF CONGRESS CALL NUMBER
Classification number ACQUISITION IN PROCESS
082 ## - DEWEY DECIMAL CLASSIFICATION NUMBER
Classification number 301
Author mark and Year MEH
100 ## - MAIN ENTRY--PERSONAL NAME
Personal name Mehr, Maulana Ghulam Rasul
245 00 - TITLE STATEMENT
Title Social studies :
Remainder of title History /
Statement of responsibility, etc Maulana Ghulam Rasul Mehr,
260 ## - PUBLICATION, DISTRIBUTION, ETC. (IMPRINT)
Place of publication, distribution, etc Vilnius :
Name of publisher, distributor, etc Institute of Philosophy and Sociology,
Date of publication, distribution, etc 1997.
300 ## - PHYSICAL DESCRIPTION
Pagination 260 p.
650 ## - SUBJECT ADDED ENTRY--TOPICAL TERM
Topical term or geographic name as entry element social science
942 ## - ADDED ENTRY ELEMENTS (KOHA)
Source of classification or shelving scheme Dewey Decimal Classification
Koha item type Books
Holdings
Source of classification or shelving scheme Damaged status Not for loan Home library Current library Shelving location Total Checkouts Full call number Barcode Date last seen Copy number Koha item type
Dewey Decimal Classification     JCC Rouf Library JCC Rouf Library General Stacks   301 MEH 9802 02/10/2018 C - 1 Books

JCC Library | Contacts | JCC Home

Last Update on 23 September 2017
Copyright @ 2017-2020 JCC Rouf Library
Rouf Library, Jhenidah Cadet College (JCC), Bangladesh